Random Facts Yas! - Statistics

General Stats
  • This quiz has been taken 8 times
  • The average score is 8 of 15
Answer Stats
Hint Answer % Correct
what carries blood to the heart veins
100%
what carries blood away from the heart arteries
88%
what is the symbol for leo lion
88%
in what year did katy perry release "firework" 2010
75%
what makes up your teeth, hair, and nails keratin
75%
what finger has the fastest growing nail middle
75%
what is the order of the planets moving from the sun to pluto (do not include the sun or pluto in answer) mercury, venus, earth, mars, jupiter, saturn, uranus, neptune
63%
how many million years ago did dinosaurs go extinct 65
50%
what well known sentence uses all the letters in the alphabet the quick brown fox jumps over the lazy dog
50%
what ology studies fossils paleontology
38%
what is the name of the part of a horse where their tail grows from dock
25%
to use a mouse trap in the state of california, what do you need hunting license
25%
how many tastebuds do humans have on average 8000
13%
what is the name of the website katie plays makeover games on girlsgogames
13%
when do fetus' get their own fingerprints three months
13%
No matching quizzes found
Score Distribution
Percent of People with Each Score
Percentile by Number Answered
Your Score History
You have not taken this quiz